MDQL
is popping MORE tags! Check the
thread
!
Quizzes
Events
Quiz Creation
Community
Videos
Private Events
Remove Ads
Sign In
Join for FREE
Feedback
Dark Mode
Quiz Categories
Sports
Geography
Music
Movies
Television
Just For Fun
Miscellaneous
History
Literature
Language
Science
Gaming
Entertainment
Religion
Holiday
For Kids
Quiz Lab
Recent
Popular Today
Quiz Kudos Today
Editor Picks
Curator Picks
Quizzes by...
Day
Popularity
Type
Ratings
Length
Year
Community
Subscriptions
Recent Discussions
Orange Saloon
Badges
Playlists
Quests
Create
Leaderboards
Showdown
Live 5
Trivia Bingo
Activity
Puzzle Library
Sporcle Events
Private Events
Virtual Trivia
Globe League
Become a Host
Pub Owners
SporcleCon
Opinionation
Our Games
Videos
Blog
Mobile Apps
Partnerships
Remove Ads and Go Orange
Feedback
Music
Pop Music
The Beatles
Song
Album
Lyrics
Bands
Singers
Artist
Clip
Rock
Rap
Classical
Billboard
Country Music
Kpop
Taylor Swift
Music
Pop Music
The Beatles
Song
Album
Lyrics
Bands
Singers
Artist
Clip
Rock
Rap
Classical
Billboard
Country Music
Kpop
Taylor Swift
Random Quiz
Search Sporcle
×
Quiz Lab
Quiz Lab
Music
Album
Type in answers that appear in a list
Type in answers that appear in a list
Classic
Best Score? Go Orange.
Can you name all the Marianas Trench songs the Solos? Stats
Can you name the Can you name all the Marianas Trench songs the Solos??
By
MarianasTrenchDM
10m
67 Questions
102 Plays
102 Plays
102 Plays
Comments
Comments
Give Quiz Kudos
Give Quiz Kudos
-
- Ratings
hide this ad
Replay
Link that replays current quiz
Next Quiz
Link to next quiz in quiz playlist
You Got
0%
They Got
Avg Score
63%
Avg Friend Score
Upgrade to see
Score Distribution
Jump to the score distribution portion of the page
Score
0/67
Timer
10:00
0
Plays Today
Album
Song
% Correct
Ever After
Ever After
92.2%
Say Anything -
Enhanced CD Single
Say Anything
82.4%
Fix Me
Say Anything
82.4%
Ever After
Desperate Measures
81.4%
Marianas Trench (Self Titled EP)
Decided to Break It
80.4%
Say Anything -
Enhanced CD Single
Shake Tramp
80.4%
Fix Me
Decided to Break It
80.4%
Fix Me
Shake Tramp
80.4%
Fix Me
Skin & Bones
80.4%
Ever After
Fallout
80.4%
Ever After
Toy Soldiers
80.4%
Masterpiece Theatre
Cross My Heart
79.4%
Ever After
Haven't Had Enough
79.4%
Ever After
Stutter
79.4%
Marianas Trench (Self Titled EP)
Push
78.4%
Marianas Trench (Self Titled EP)
Fix Me
78.4%
Fix Me
Push
78.4%
Ever After
By Now
78.4%
Ever After
B Team
78.4%
Ever After
No Place Like Home
78.4%
Masterpiece Theatre
Masterpiece Theatre I
77.5%
Masterpiece Theatre
All to Myself
77.5%
Masterpiece Theatre
Masterpiece Theatre II
77.5%
Masterpiece Theatre
Celebrity Status
77.5%
Masterpiece Theatre
Masterpiece Theatre III
77.5%
Ever After
Porcelain
77.5%
Masterpiece Theatre
Perfect
76.5%
Ever After
So Soon
76.5%
Fix Me
Alibis
75.5%
Fix Me
Vertigo
75.5%
Masterpiece Theatre
Good to You
75.5%
Masterpiece Theatre: Director's Cut
Good to You ft Jessica Lee
75.5%
Fix Me
September
74.5%
Masterpiece Theatre
Beside You
74.5%
Album
Song
% Correct
Masterpiece Theatre
Sing Sing
74.5%
Fix Me
Low
73.5%
Masterpiece Theatre
Acadia
73.5%
Masterpiece Theatre
Lover Dearest
73.5%
Marianas Trench (Self Titled EP)
Primetime
72.5%
Ever After
Truth or Dare
72.5%
Marianas Trench (Self Titled EP)
Sicker Things
69.6%
Marianas Trench (Self Titled EP)
Feeling Small
69.6%
Say Anything -
Enhanced CD Single
Feeling Small
69.6%
Fix Me
Alive Again
69.6%
Marianas Trench (Self Titled EP)
Far From Here
68.6%
Fix Me
Far From Here
68.6%
A 604 Records Christmas
Baby Please Come Home
63.7%
Coda and Jacket
Bad Girl
58.8%
Masterpiece Theatre: Director's Cut
So It Goes
52.9%
AutomaticLuv
Hit Me Up
50%
Masterpiece Theatre: Director's Cut
Cross My Heart Acoustic
49%
Coda and Jacket
Cinnamon
49%
Coda and Jacket
Stage I Remember
47.1%
Coda and Jacket
Runaway
46.1%
Masterpiece Theatre: Director's Cut
Celebrity Status Acoustic
44.1%
Coda and Jacket
Goodbye Addict
44.1%
Coda and Jacket
Landslide
42.2%
Coda and Jacket
Take You Higher
36.3%
Coming Home
Coming Home
20.6%
Coming Home
Prejudice and Power
15.7%
Coming Home
White Dress
14.7%
Coming Home
Yellow Sun
14.7%
Coming Home
Long Grass
14.7%
Coming Home
Real Eyes
14.7%
Coming Home
Riva Song
10.8%
Ever After (Deluxe Version)
Haven't Had Enough Prance a tron Remix
7.8%
Ever After (Deluxe Version)
Haven't Had Enough Frederick Miwk Mix
6.9%
Quiz Playlist
Details
Report
Send in Message
Add To Playlist
Classic:
Type in answers that appear in a list
Last Updated: Feb 16, 2017
Quiz Scoreboard
CHALLENGE
Sign Up to Join the Scoreboard
Show All
Scores
Hide
Comments
May contain spoilers
Recently Published
Holiday 10x10 Sorting Gallery
by lukepisani3
Holiday
15m
Two Season TV Shows II
by 123Four
Television
10m
Image Sorting: Flags VI
by Barbecue
Geography
2m
More to Explore
Quiz From the Vault
Featured Blog Post
14 Easter Pick-up Lines to Find Eggs With
hide this ad
You Might Also Like...
Tags
Album Quiz
Song Quiz
Mariana
Marianas Trench
none
solo
trench
Today's Top Quizzes in Music
Browse Music
hide this ad
Today's Top Quizzes in Album
Browse Album
Top Contributed Quizzes in Music
1
5X2 Blitz: Bands II
2
Taylor Swift All Songs (2024)
3
5X2 Blitz: The Beatles
4
5X2 Blitz: Billboard
5
Music Artist by Three 2010s hits
6
5X2 Blitz: Billboard II
7
5X2 Blitz: Album
8
5X2 Blitz: Rock
9
5X2 Blitz: Singers
10
5X2 Blitz: Lyrics
Explore More
Trending Topics
Disney
Anime
Marvel
Crossword
Harry Potter
Kpop
NBA
Soccer
Puzzle
The Office
Pokémon
NFL
Song
WWE
Country
hide this ad
More By:
MarianasTrenchDM
Quiz
Plays
Rating
Category
Featured
Created
Can you name all the Marianas Trench Songs?
529
Music
Mar 19, 2013
Extreme Marianas Trench trivia (50 questions)
271
Music
Mar 12, 2013
Can you name all the Marianas Trench songs the Solos?
102
Music
Apr 3, 2013
Go to Creator's Profile
Score Distribution
Quiz Creator Spotlight
MarianasTrenchDM
Follow
Send a Message
Quizzes Created
-
Created Quiz Play Count
-
More By This Creator
Popular Quizzes Today
1
Find the US States - No Outlines Minefield
2
Colored Red Africa Blitz
3
Find the 'City' Movie
4
The Countries of the World
5
5x2 Blitz: Bands
6
Find the US States
7
Find the Countries of Europe - No Outlines Minefield
8
US States
More Music Quizzes
Dog Songs
Editor's Pick
Trending Quizzes
Colored Red Europe Blitz I
Colored Red Europe Blitz II
Colored Red Africa Blitz II
Colored Red Europe Blitz III
Colored Red Africa Blitz III
Recently Updated
Odd Team Out - Big 4 Players
pecheneg
Quick Pick: 20 Twenties
pecheneg
March Madness Men's Triple Doubles
pecheneg
How Do You Spell That?
pecheneg
Godzilla Movies
pecheneg
Grab Bag: 4-10 Letters
pecheneg
2024 March Madness Bracket
pecheneg
Famous TV Couples
Peacemaker
Champions League XIs: Real Madrid
pecheneg
Largest US Cities 1790-2010
pecheneg
Trending Topics
Crossword
Disney
Marvel
Anime
NBA
Harry Potter
Kpop
Pokémon
NFL
The Office
Song
Puzzle
Soccer
Country
WWE
Your Account Isn't Verified!
In order to create a playlist on Sporcle, you need to verify the email address you used during registration. Go to your
Sporcle Settings
to finish the process.
Report this User
Report this user for behavior that violates our
Community Guidelines
.
Details:
Send Report
Go to the Sporcle.com Mobile Site →
Comments